| 000 | 01220nam0a22003011 4500 | ||
|---|---|---|---|
| 001 | v19\rc\1850344 | ||
| 005 | 20260407125802.0 | ||
| 035 | _a(NLR Aleph) 004986327 | ||
| 090 |
_a6238378 _c6238378 |
||
| 100 | _a20080221d1909 |||y0rusy50 ca | ||
| 101 | 0 | _arus | |
| 102 | _aRU | ||
| 105 | _aac z ||||| | ||
| 200 | 1 |
_aКак уберечь себя и других от холеры _f[Д-р В. Г-т] _gРус. о-во охранения нар. здравия |
|
| 205 | _a6-е изд., испр. и доп. | ||
| 210 |
_aСанкт-Петербург _cтип. "Север" _d1909 |
||
| 215 |
_a[2], 16 с. _cил., портр. _d24 |
||
| 300 | _aАвт. указан в конце текста; установлен по одноименному изд. того же года | ||
| 309 | _aБез тит. л. | ||
| 700 | 1 |
_aГуберт _bВ.О. _f1862- _gВладислав Осипович |
|
| 712 | 0 | 2 |
_aРусское общество охранения народного здравия _3RU\NLR\AUTH\889972020 _9440535 |
| 790 | 1 |
_aГ-т _bВ. _f1862- |
|
| 801 | 0 |
_aRU _bNLR _gpsbo |
|
| 801 | 0 |
_aRU _bRuMoRGB _2psbo |
|
| 801 | 1 |
_aRU _bProSoft-M _2rusmarc |
|
| 852 |
_aNLR _j18.339.2.311 |
||
| 942 | _cBOOK | ||
| 980 | _aNB | ||